El prójimo: tres indagaciones en teología política

שמור ב:
מידע ביבליוגרפי
Main Authors: Zizek, Slavoj (Author), Santner, Eric L (Author), Reinhard, Kenneth (Author)
מחברים אחרים: Piña, Cristina (traductora)
פורמט: ספר
שפה:ספרדית
יצא לאור: Buenos Aires Amorrortu 2010
מהדורה:1a. ed
סדרה:Filosofía
נושאים:
תגים: הוספת תג
אין תגיות, היה/י הראשונ/ה לתייג את הרשומה!

MARC

LEADER 00000cam a2200000 a 4500
001 UCE0495
003 CL-VaPUC
005 20211123172958.0
008 140124e20100000ag |||||||||||||||||spa|d
999 |c 354600  |d 354598 
020 |a 9789505183883 
040 |c Pontificia Universidad Católica de Valparaíso 
082 0 4 |a 177.7  |b ZIZ  |2 21 
100 0 |a Zizek, Slavoj  |e author  |9 557221 
245 1 3 |a El prójimo: tres indagaciones en teología política 
250 |a 1a. ed 
260 |a Buenos Aires  |b Amorrortu  |c 2010 
300 |a 256 p 
490 0 |a Filosofía 
583 |a last modification  |c 20140124 15:34:00  |k Rodrigo Vera 
650 0 |a Teología política  |9 443181 
650 0 |a Problemas sociales  |9 258537 
650 0 |a Iglesia   |9 255004 
650 0 |a Religión y política  |9 399284 
700 0 |a Santner, Eric L  |e author  |9 572829 
700 0 |a Reinhard, Kenneth  |e author  |9 572830 
700 0 |a Piña, Cristina  |e traductora  |9 864414 
942 |c BK  |2 ddc 
945 |d 20140124 15:34:00  |a dcastane 
952 |0 0  |1 0  |3 erb  |4 0  |6 177_700000000000000_ZIZ_2010  |7 0  |8 R  |9 460563  |a BIBEDU  |b BIBEDU  |c MCIRC  |i 5052963  |l 1  |m 1  |o 177.7 ZIZ 2010  |p 5052963  |r 2024-11-19  |s 2024-11-05  |w 2019-11-23  |y BK_R  |z Catalogado en:20140124  |k FIL